Thơ Huy Cận

Enregistré dans:
Détails bibliographiques
Auteur principal: Huy Cận
Format: Livre
Langue:Undetermined
Publié: Hà Nội Hội Nhà Văn 2001
Sujets:
Tags: Ajouter un tag
Pas de tags, Soyez le premier à ajouter un tag!
Thư viện lưu trữ: Trung tâm Học liệu Trường Đại học Cần Thơ
LEADER 00507nam a2200193Ia 4500
001 CTU_44252
008 210402s9999 xx 000 0 und d
020 |c 24000 
082 |a 895.9221008 
082 |b H523 
100 |a Huy Cận 
245 0 |a Thơ Huy Cận 
245 0 |c Huy Cận 
260 |a Hà Nội 
260 |b Hội Nhà Văn 
260 |c 2001 
650 |a vietnamese poetry - collections 
904 |i Huỳnh Mai 
980 |a Trung tâm Học liệu Trường Đại học Cần Thơ